The Voiage and travaile of Syr Iohn Maundeville, Knight, which treateth of the way toward Hierusalem, and of marvayles of Inde with other ilands and countryes

Salvato in:
Dettagli Bibliografici
Autore principale: Maundeville, John (autor)
Natura: Libro
Lingua:inglese
Pubblicazione: Londres Humphrey Milford 1932
Edizione:1a. ed
Soggetti:
Tags: Aggiungi Tag
Nessun Tag, puoi essere il primo ad aggiungerne!!

MARC

LEADER 00000nam a2200000 a 4500
001 UCJ8288
003 CL-VaPUC
008 070124e19320000UK |||||||||||||||||eng|d
082 0 4 |a 910.4  |b MAU  |2 21 
100 |a Maundeville, John  |e autor  |9 517045 
245 1 4 |a The Voiage and travaile of Syr Iohn Maundeville, Knight, which treateth of the way toward Hierusalem, and of marvayles of Inde with other ilands and countryes 
250 |a 1a. ed 
300 |a 254 p 
942 |c BK 
945 |d 20070124 00:00:00  |a rinostro 
260 |a Londres  |b Humphrey Milford  |c 1932 
500 |a Reimpresión facsimilar de la edición inglesa de 1568 
650 0 |a Viajes  |9 257115 
650 0 |a Cruzadas  |9 319513 
650 7 |a LEYENDAS  |2 CL-VaPUC  |9 265258 
650 0 |a Literatura medieval  |9 266338 
650 0 |a Ilustraciones  |9 369481 
651 0 |a India  |9 267804 
651 7 |a TIERRA SANTA  |2 CL-VaPUC  |9 507506 
651 0 |a Jerusalén   |9 313609 
583 |a last modification  |c 20070124 00:00:00  |k Rodrigo Vera 
999 |c 324063  |d 324061 
952 |0 0  |1 0  |4 0  |6 910_400000000000000_MAU_1932  |7 0  |8 X  |9 403964  |a FDOBUD  |b FDOBUD  |d 2019-11-22  |i 1005995  |o 910.4 MAU 1932  |p 1005995  |r 2019-11-22  |w 2019-11-22  |y BK_X  |k BUD